| 000 | 02623ncm0a2200397 4500 | ||
|---|---|---|---|
| 001 | RU\NLR\ONIZ\227366 | ||
| 005 | 20250623230937.0 | ||
| 013 | _a979-0-9003262-1-8 | ||
| 021 |
_aRU _b18-000129 _918-НО-П-10 |
||
| 035 | _a(NLR Aleph) 012218380 | ||
| 090 |
_a10919777 _c10919777 |
||
| 100 | _a20200114d2018 |||y0rusy50 ca | ||
| 101 | 0 |
_arus _abel |
|
| 102 | _aRU | ||
| 125 | _aay | ||
| 128 | _asg | ||
| 145 | 0 | _ac | |
| 200 | 1 |
_aДорога к дому _bНоты _eпесни на стихи русских поэтов _eдля солистов, народных хоров и ансамблей _fM. И. Павлов _gПредисл. М. В. Медведевой |
|
| 210 |
_aМосква _cСпорт и Культура-2000 _d2018 |
||
| 215 |
_a264 с. _cил. _d30 см |
||
| 300 | _aЛит. текст рус., белорус. | ||
| 313 | _aСистематизация документа проведена по изданию - Методика классифицирования музыкальных произведений (нотных изданий) по таблицам Библиотечно-библиографических классификаций : метод. рекомендации / Гос. б-ка СССР им. В.И. Ленина.- М., 1977. Индексу ББК методических рекомендаций присваивается код ББК для научных библиотек - LBC/SL | ||
| 327 | 1 | _a1. Песни на стихи С. Есенина ; 2. Песни на стихи Н. Рубцова ; 3. Песни на стихи Ю. Кузнецова ; 4. Песни на стихи Н. Зиновьева ; 5. Песни на стихи А. Фета ; 6. Песни на стихи М. Цветаевой ; 7. Песни на стихи А. Ахматовой ; 8. Цикл песен на стихи Я. Купалы и Я. Колоса ; 9. Песни на стихи М. Павлова ; 10. Обработки народных песен | |
| 606 | 1 |
_aПесни на стихи русских поэтов _yРоссия _z21 век _2nlr_sh |
|
| 686 |
_aЩ94(2Р=Р)я44 _vLBC/SL _2rubbk |
||
| 700 | 1 |
_9z01790 _aПавлов _bM. И. _gMаксим Иванович _4230 _7ca |
|
| 790 | 1 |
_9z01700 _aPavlov _bM. I. _gMaksim Ivanovič _4230 _7ba |
|
| 801 | 0 |
_aRU _bNLR _c20200114 _gPSBO |
|
| 801 | 1 |
_aRU _bNLR _c20200114 _2rusmarc |
|
| 801 | 2 |
_aRU _bNLR _c20200207 |
|
| 852 |
_aNLR _bМ _j3/11898 _pМОЭ 2018-НО-П-10/129 _t1 |
||
| 852 |
_aNLR _bМ _j3/11898а _pМОЭ 2018-НО-П-10/129а _t2 |
||
| 942 | _cSCORE | ||
| 980 | _aNB | ||
| 980 | _aONIZ | ||